000 01733nam a22002177a 4500
005 20220420154130.0
008 220311b ||||| |||| 00| 0 eng d
020 _a9781446201589
040 _cAL
041 _aeng
082 _223
_a070.449303625
_bFREM
100 _aDes Freedman
_923365
245 _aMedia ad terrorism
_b:Global perspectives
260 _aLondon
_bSAGE
_c2012
300 _axiii,24p.
_bPB
_c24x17cm.
365 _2General
_aVBI-1347
_b₹3163.05
_c
_d₹4217.40
_e25%
_f21/02/2022
520 _aThis is an excellent source which puts students in the heart of the contemporary discussion and encourages them to form opinions. It is a great resource for seminars as well as gateways to research.- Paul Matthews, University College Birmingham."An excellent text that covers not only how the media cover acts of terrorism but also how terror groups can manipulate the media.".-David Lowe, Liverpool John Moores University.Have the media contributed to exacerbating the political, cultural and religious divides within Western societies and the world at large? How can media be deployed to enrich, not inhibit, dialogue? To what extent has the media, in all its forms, questioned, celebrated or simply accepted the unleashing of a ′war on terror′?Media and Terrorism: Global Perspectives brings together leading scholars to explore how the world′s media have influenced, and in turn, been influenced by terrorism and the war on terror in the aftermath of 9/11. Accessible and user-friendly with lively and current case studies, it is an essential handbook on the dynamics of war and the media in a global context.
650 _aMedia
_923366
700 _aThussu, Daya Kishan
_923367
942 _2ddc
_cBK
999 _c221823
_d221823